| 000 | 02098nab a2200217 i 4500 | ||
|---|---|---|---|
| 001 | 768714001 | ||
| 003 | CO-MdFUSB | ||
| 005 | 20240611173344.0 | ||
| 008 | 240611t1957 sp ||||| |||| 00| 0 spa d | ||
| 040 |
_bspa _cCO-MdFUSB _dCO-MdFUSB |
||
| 041 | _aspa | ||
| 100 |
_aMorón Arroyo, Ciriaco, _eautor |
||
| 245 |
_aPosibilidad y hecho de un tomismo existencial _c/ Ciriaco Morón Arroyo |
||
| 520 | _aEl deslumbramiento causado en algunos espíritus por el efímero triunfo de las filosofías existencialistas ha hecho nacer entre los círculos escolásticos una literatura filosófica, cuyos problemas a los que se pretende dar solución con Ia vuelta a Ia existencia, no constituyeron nunca sino puntos de partida para Ia especulación de Ia filosofía perenne. La realidad radical —desde luego Ia verdadera realidad— en Ia que culmina Ia preocupación intelectual del existencialismo y vitalismo, respecto de las categorías aristotélicas, constituye una hipercategoría; y en el campo de Ia hipercategoría, de Ia historia, de Ia vida, de nuestro actuar con las cosas, el existencialismo y vitalismo tienen observaciones preciosas, radicando muchas veces su error no tanto en Io que afirman cuanto en Io que niegan. En este sentido es necesario volver a Ia existencia; pero a Ia existencia como historia, como hipercategoría. El absurdo del tomismo existencial, está en confundir Ia verdadera existencia, con Ia existencia como coprincipio. De esta existencia se preocuparon los maestros de Ia Escolástica, y a ella llegamos como fruto de una larga tarea intelectual; la verdadera realidad y fuente de toda realidad es Ia existencia de estas esencias que necesitan sus circunstancias de espacio y de tiempo para realizarse. | ||
| 650 | 7 |
_aFilosofía y religión _9198 |
|
| 650 | 0 |
_aExistencialismo _91063 |
|
| 650 | 7 |
_aTeología doctrinal _9179 |
|
| 773 | 0 |
_070126 _982742 _dSalamanca, España : _oR2617 _tSalmanticensis _w(CO-MdFUSB)768714001 _gVolumen 4 (fascículo 2, 1957) páginas: 395 - 430 _qpágina: 395 |
|
| 942 | _cANA | ||
| 945 | _aCatherine Arias Álvarez - Practicante SENA | ||
| 999 |
_c70129 _d70129 |
||